000 01200cam a22003497a 4500
003 CHAP
005 20220329141413.0
008 971013s1968 r 00010 d
010 _a67626
011 _a68598
035 _a78071
040 _cCHAP
090 _aTesis
100 0 0 _aGuardado Ureña, Andrés Aquilino.
_951013
245 0 _aTrampeo del barrenador menor de los granos Rhyzopertha dominica (Fab.) con las feromonas dominicature 1 Truncall
260 _aMarín, N. L. :
_bEl autor,
_c1968
300 _a39 h.
502 _aTesis (Ing. Agr. Parasitólogo) -- Univ. Autónoma de Nuevo León. Fac. de Agronomía
590 _aALEPH
_b10
_c20130110
_lUCH01
_h1402
590 _aBATCH-UPD
_b10
_c20130110
_lUCH01
_h0514
590 _aBATCH-UPD
_b10
_c20130110
_lUCH01
_h2328
590 _aBATCH-UPD
_b10
_c20130410
_lUCH01
_h0153
590 _aBATCH-UPD
_b10
_c20130914
_lUCH01
_h0914
590 _aCONVERSION
_b10
_c20130109
_lUCH01
_h1337
650 1 4 _aCereales
_xPlagas.
_921450
650 1 4 _aFeromonas.
_940358
650 1 4 _aRhyzopertha dominica.
_997176
650 1 4 _aTrampas para insectos.
_9114609
901 _aBK
942 _cTESIS
949 _bBC
_cTES
_d-30945
_eTS1
_h21292
_i78071
_si
999 _c67626
_d67626